000 00886nam a2200217Ia 4500
999 _c42468
_d42468
001 9164
003 GE_BSU
005 20220516135503.0
008 181216s2013||||ge |||||||||||||| ||geo||
020 _a9789941057564
040 _cGE_BSU
041 _ageo
080 _a394.48(075.8) მ-47
100 _aმეგრელიშვილი, კონსტანტინე
_911654
245 _cკონსტანტინე მეგრელიშვილი ; რედ. ნანა ჯაში.
_aპრეზენტაციის ხელოვნება /
264 _aთბილისი :
_bშპს "ფავორიტი სტილი",
_c2013.
300 _a75 გვ.:
_bილ. ;
_c18 სმ.
653 _aპრეზენტაცია
700 _aჯაში, ნ. (ნანი)
_eრედაქტორი
_913739
942 _cBK
_2udc